<?xml version="1.0" encoding="UTF-8"?><?xml-stylesheet type="text/xsl" href="static/style.xsl"?><OAI-PMH xmlns="http://www.openarchives.org/OAI/2.0/" xmlns:xsi="http://www.w3.org/2001/XMLSchema-instance" xsi:schemaLocation="http://www.openarchives.org/OAI/2.0/ http://www.openarchives.org/OAI/2.0/OAI-PMH.xsd"><responseDate>2026-06-01T22:05:06Z</responseDate><request verb="GetRecord" identifier="oai:riuma.uma.es:10630/18372" metadataPrefix="marc">https://riuma.uma.es/rest/oai/request</request><GetRecord><record><header><identifier>oai:riuma.uma.es:10630/18372</identifier><datestamp>2026-02-03T11:04:49Z</datestamp><setSpec>com_10630_2254</setSpec><setSpec>col_10630_37953</setSpec></header><metadata><record xmlns="http://www.loc.gov/MARC21/slim" xmlns:dcterms="http://purl.org/dc/terms/" xmlns:doc="http://www.lyncode.com/xoai" xmlns:xsi="http://www.w3.org/2001/XMLSchema-instance" xsi:schemaLocation="http://www.loc.gov/MARC21/slim http://www.loc.gov/standards/marcxml/schema/MARC21slim.xsd">
   <leader>00925njm 22002777a 4500</leader>
   <datafield ind2=" " ind1=" " tag="042">
      <subfield code="a">dc</subfield>
   </datafield>
   <datafield ind2=" " ind1=" " tag="720">
      <subfield code="a">Lara Hurtado, F.J.</subfield>
      <subfield code="e">author</subfield>
   </datafield>
   <datafield ind2=" " ind1=" " tag="720">
      <subfield code="a">Fernández-Lozano, Juan Jesús</subfield>
      <subfield code="e">author</subfield>
   </datafield>
   <datafield ind2=" " ind1=" " tag="720">
      <subfield code="a">Vázquez-Martín, Ricardo</subfield>
      <subfield code="e">author</subfield>
   </datafield>
   <datafield ind2=" " ind1=" " tag="260">
      <subfield code="c">2019</subfield>
   </datafield>
   <datafield ind2=" " ind1=" " tag="520">
      <subfield code="a">as redes de sensores inalámbricas constituyen un complemento en diversas aplicaciones robóticas, como es el caso de las misiones de búsqueda y rescate. En este caso, la capacidad de las redes de sensores inalámbricas para obtener información en la cercanía de la zona de interés, su persistencia, y su capacidad para añadir sensores a vehículos constituyéndolos en nodos móviles, puede aportar a los equipos robóticos información que puede facilitar su misión. No obstante, la integración entre robots y redes de sensores inalámbricas es compleja, y debe prestar especial atención a aspectos como la cobertura, particularmente en el caso de nodos móviles. Este trabajo describe una red de sensores inalámbrica con comunicaciones en malla como alternativa a este problema. La red se basa además en elementos de hardware y software abierto, dando lugar a un sistema de tamaño, peso y coste reducido que facilita contar con un elevado número de nodos. El código y la documentación del sistema presentado en este artículo está disponible en https://github.com/jjflozano/WSNs.</subfield>
   </datafield>
   <datafield ind1="8" ind2=" " tag="024">
      <subfield code="a">https://doi.org/10.17979/spudc.9788497497169.735</subfield>
   </datafield>
   <datafield ind1="8" ind2=" " tag="024">
      <subfield code="a">https://hdl.handle.net/10630/18372</subfield>
   </datafield>
   <datafield tag="653" ind2=" " ind1=" ">
      <subfield code="a">Detectores</subfield>
   </datafield>
   <datafield tag="653" ind2=" " ind1=" ">
      <subfield code="a">Sensores</subfield>
   </datafield>
   <datafield tag="653" ind2=" " ind1=" ">
      <subfield code="a">Robótica</subfield>
   </datafield>
   <datafield ind2="0" ind1="0" tag="245">
      <subfield code="a">Una red de sensores inalámbrica basada en hardware y software abierto para colaboración con aplicaciones de robótica a misiones de búsqueda y rescate</subfield>
   </datafield>
</record>
</metadata></record></GetRecord></OAI-PMH>